Statystyki dla Najpopularniejsze piosenki Travis Scott

Kliknij tutaj aby rozwiązać quiz!

Ogólne statystyki

  • Ten quiz został rozwiązany 142 razy
  • Średni wynik to 6 z 20

Statystyki odpowiedzi

L.p.Piosenka% Poprawnych
1.SICKO MODE
97%
4.Goosebumps
92%
8.Butterfly Effect
65%
3.Antidote
52%
10.90210
47%
12.3500
42%
15.NO BYSTANDERS
27%
6.THE SCOTTS
26%
5.5% Tint
25%
20.GATTI
25%
13.Maria I’m Drunk
25%
9.Pick Up The Phone
23%
14.Mamacita
20%
2.Oh My Dis Side
13%
16.Upper Echelon
12%
17.Way Back
11%
11.Drugs You Should Try It
8%
19.Through The Late Night
5%
7.Don’t Play
3%
18.Skyfall
2%

Rozkład punktacji

Percentyl według liczby udzielonych odpowiedzi

Procent ludzi z każdym wynikiem

Twoja historia wyników

Nie rozwiązałeś tego quizu